No spark of malice: the murder of Martin Begnaud

Saved in:  
Bibliographic Details
Main Author: Arceneaux, William (Author)
Format: Print Book
Language:English
Published: Baton Rouge, La. Louisiana State University Press 1999
In:Year: 1999
Availability in Tübingen:Present in Tübingen.
UB: KB 19 A 7873
Check availability: HBZ Gateway
Subito Delivery Service: Order now.
Keywords:

MARC

LEADER 00000cam a2200000 c 4500
001 269885579
003 DE-627
005 20251222211951.0
007 tu
008 990604s1999 xxu||||| 00| ||eng c
010 |a  99015677  
020 |a 0807124478  |c (alk. paper)  |9 0-8071-2447-8 
035 |a (DE-627)269885579 
035 |a (DE-576)082490821 
035 |a (DE-599)GBV269885579 
035 |a (OCoLC)246594645 
035 |a (OCoLC)41380330 
040 |a DE-627  |b ger  |c DE-627  |e rakwb 
041 |a eng 
044 |c XD-US 
050 0 |a HV6533.L8 
050 0 |a HV6533.L8A73 1999 
082 0 |a 364.15/23/0976356  |q LOC  |2 21 
084 |a 7,26  |2 ssgn 
084 |a 15.87  |2 bkl 
100 1 |a Arceneaux, William  |4 aut 
245 1 0 |a No spark of malice  |b the murder of Martin Begnaud  |c William Arceneaux 
264 1 |a Baton Rouge, La.  |b Louisiana State University Press  |c 1999 
300 |a XII, 349 S 
336 |a Text  |b txt  |2 rdacontent 
337 |a ohne Hilfsmittel zu benutzen  |b n  |2 rdamedia 
338 |a Band  |b nc  |2 rdacarrier 
500 |a Includes bibliographical references and index 
583 1 |a Archivierung prüfen  |c 20200919  |f DE-640  |z 1  |2 pdager 
583 1 |a Archivierung prüfen  |c 20240324  |f DE-4165  |z 1  |2 pdager 
600 1 0 |a Begnaud, Martin  |d -1896 
600 1 0 |a Begnaud, Martin 
650 0 |a Murder  |z Louisiana  |x History 
650 0 |a Cajuns  |x History 
650 0 |a Murder  |x Louisiana  |x History 
650 0 |a Cajuns  |x History 
935 |i Blocktest 
936 b k |a 15.87  |j USA  |x Geschichte  |0 (DE-627)181569760 
951 |a BO 
ELC |b 1 
LOK |0 000 xxxxxcx a22 zn 4500 
LOK |0 001 3130868488 
LOK |0 003 DE-627 
LOK |0 004 269885579 
LOK |0 005 19991220000000 
LOK |0 008 991220||||||||||||||||ger||||||| 
LOK |0 040   |a DE-21  |c DE-627  |d DE-21 
LOK |0 852   |a DE-21 
LOK |0 852 1  |c KB 19 A 7873  |9 00 
LOK |0 935   |a krim 
LOK |0 936ln  |a k10.8 
LOK |0 939   |a 20-12-99  |b l01 
ORI |a SA-MARC-krimdoka001.raw 
SIG |a UB: KB 19 A 7873